Statistics for Streetpass Mii Plaza Games

Click here to take the quiz!

General Stats

  • This quiz has been taken 5 times
  • The average score is 10 of 13

Answer Stats

SummaryAnswer% Correct
Set out on a quest to save the monarch from the Ultimate GhostFind Mii
100%
Save Hobbyville (and the rest of the world) from zombiesBattleground Z
75%
Prepare food for the heroes rescuing the monarchFeed Mii
75%
Become a master gardener and grow plantsFlower Town
75%
Buy and sell stocks at an alarmingly fast rate to make bucket loads of moneyMarket Crashers
75%
Recruit mercenaries and take down the Gold Bone GangMii Force
75%
Go on an epic quest to… take pictures of animals? And UFOs??Mii Trek
75%
Battle supernatural entities as you escape a haunted mansionMonster Manor
75%
Launch from a cannon to put an end to the demon army’s diabolical deedsNinja Launcher
75%
Meet people via Streetpass and exchange pieces of a picturePuzzle Swap
75%
Sit back, relax and catch some fish; you might even catch a legendary fish!Ultimate Angler
75%
Build an army and conquer the worldWarrior’s Way
75%
Customize a toy car to race against your competitorsSlot-Car Racers
25%

Score Distribution

Percentile by Number Answered

Percent of People with Each Score

Your Score History

You have not taken this quiz